000 00603cam a2200145ua 4500
041 _aeng
_h
082 _a352.0072
_bMIN/PA
110 1 _aMinistry of community development .
_b
_c()
245 _aPanchayati Raj: A symposium
260 _a :
_bMinistry of community development and co-operation ,
_c1885.
300 _a43 ; .
504 _a
942 _cBK
999 _c10969
_d10969